=LDR 00000nam 2200000 4500 =001 INLIS000000000031808 =005 20130612133846 =008 ***********************************ind** =035 ##$$0010-061300000031808 =041 ##$$a ind =082 ##$$a 346.067 =090 ##$$a R.346.067, Sem h =100 ##$$a SEMBIRING, Sentosa =245 ##$$a Himpunan Peraturan Perunda-undangan Republik Indonesia, Undang-undang No. 40 Th. 2007 Tentang Perseroan Terbatas Disertai dengan Pembahasan Singkat =260 ##$$a 2007 $b Bandung =300 ##$$a 208 hlm., 19 cm =650 ##$$a PERSEROAN TERBATAS - INDANG UNDANG DAN PERATURAN =850 ##$$a NBPNMAT